| 000 | 00428nam a2200193Ia 4500 | ||
|---|---|---|---|
| 005 | 20250603145226.0 | ||
| 008 | 250603s9999 xx 000 0 und d | ||
| 020 | _a0406574316 | ||
| 050 | _aKA 10 .D5/ | ||
| 100 | _aDias, Reginald Walter Michael | ||
| 245 | 0 | _aJurisprudence | |
| 250 | _a5th ed. | ||
| 260 | _aLondon | ||
| 260 | _bButterworths | ||
| 260 | _c1985 | ||
| 300 | _a520 p | ||
| 650 | _aLondon | ||
| 942 | _cBK | ||
| 999 |
_c41243 _d41243 |
||